000 01196nam a22003257a 4500
005 20170707104634.0
010 _aBAC-EN21 ENG-111666
020 _a9788121903400
_c350.00
020 _a8121903408
_c350.00
020 _a9788121903400
_c425.00 (AV)
035 _aEN-95198
035 _aB-589485-521
035 _aB-668126
037 _bTechniz/Ven
_adpl
037 _bDBAD/PUB
082 _a350
100 _aVishnoo Bhagwan
245 _aPublic administration for the aspirants......different Indian universities /
_cby Vishnoo Bhagwan, Vidya Bhushan [and] Vandana Mohla
250 _a23rd rev. ed
260 _c2014
_aNew Delhi
_bS.Chand
270 _a7361, Ram Nagar
_bNew Delhi
_e110055
300 _c24cm(pbk)
_avi,711p.
500 _aIncludes bibliographical references and index
500 _aSupply received revised price Rs. 425.00
700 _aVidya Bhushan
700 _aMohla, Vandana
942 _cEN
_2ddc
_mVIS
_h350
999 _c88867
_d88867